ՀՀ Գիտությունների ազգային ակադեմիայի հիմնարար գիտական գրադարան  =   Fundamental Scientific Library of NAS RA

Кристаллохимия минералов циркония и их искусственных аналогов / (Record no. 35432)

MARC details
000 -LEADER
fixed length control field 01204nam a2200241 a 4500
001 - CONTROL NUMBER
control field 000108386
003 - CONTROL NUMBER IDENTIFIER
control field AM-YEHGA
005 - DATE AND TIME OF LATEST TRANSACTION
control field 20250617122341.0
008 - FIXED-LENGTH DATA ELEMENTS--GENERAL INFORMATION
fixed length control field 990408s1978 xxu 000 0 rus u
040 ## - CATALOGING SOURCE
Original cataloging agency AM-YeHGA
041 0# - LANGUAGE CODE
Language code of text/sound track or separate title rus
090 ## - LOCALLY ASSIGNED LC-TYPE CALL NUMBER (OCLC); LOCAL CALL NUMBER (RLIN)
-- 35953
100 1# - MAIN ENTRY--PERSONAL NAME
Personal name Воронков, Александр Александрович
245 10 - TITLE STATEMENT
Title Кристаллохимия минералов циркония и их искусственных аналогов /
Statement of responsibility, etc. А.А. Воронков и др. ; Отв. ред. В.Б. Александров ; АН СССР, М-во геологии СССР, Ин-т минералогии, геохимии и кристаллохимии редких элементов.
260 ## - PUBLICATION, DISTRIBUTION, ETC.
Place of publication, distribution, etc. Москва :
Name of publisher, distributor, etc. Наука,
Date of publication, distribution, etc. 1978.
300 ## - PHYSICAL DESCRIPTION
Extent 182 с.
650 14 - SUBJECT ADDED ENTRY--TOPICAL TERM
Topical term or geographic name entry element Минералогия
700 1# - ADDED ENTRY--PERSONAL NAME
Personal name Шумяцкая, Нинель Григорьевна
700 1# - ADDED ENTRY--PERSONAL NAME
Personal name Пятенко, Юрий Андреевич
700 1# - ADDED ENTRY--PERSONAL NAME
Personal name Александров, В.Б.
Relator term ред.
Relationship edt
710 2# - ADDED ENTRY--CORPORATE NAME
Corporate name or jurisdiction name as entry element Институт минералогии, геохимии и кристаллохимии редких элементов АН СССР (ИМГРЭ)
942 ## - ADDED ENTRY ELEMENTS (KOHA)
Source of classification or shelving scheme Universal Decimal Classification
Koha item type Գրքեր / Books
Holdings
Withdrawn status Lost status Source of classification or shelving scheme Damaged status Not for loan Collection Home library Current library Date acquired Total checkouts Full call number Barcode Date last seen Price effective from Koha item type Public note
    Universal Decimal Classification     General Fundamental Scientific Library Fundamental Scientific Library 21/12/2016   PII/406500 FL0421001 21/12/2016 21/12/2016 Գրքեր / Books 30 Days Loan


ՀՀ ԳԱԱ հիմնարար գիտական գրադարան
ՀՀ,Երևան 0019
Մարշալ Բաղրամյան 24/6
հեռախոս:(374-10) 52-47-50
Հետադարձ կապ

All site content, except where otherwise noted, is licensed under a
Creative Commons License